[Event "Wch U20 Girls 37th"]
[Site "New Delhi"]
[Date "2019.10.16"]
[Round "2"]
[White "Altantuya, Boldbaatar"]
[Black "Kairbekova, Amina"]
[Result "1-0"]
[WhiteElo "2277"]
[BlackElo "2096"]
[PlyCount "81"]
[EventDate "2019.10.15"]
[EventType "swiss"]
[EventRounds "11"]
[EventCountry "IND"]
[SourceTitle "CBM 192 Extra"]
[Source "Chessbase"]
[SourceDate "2019.11.06"]
[SourceVersion "1"]
[SourceVersionDate "2019.11.06"]
[SourceQuality "1"]

1. d4 Nf6 2. Nf3 d5 3. c4 e6 4. g3 Be7 5. Bg2 0-0 6. 0-0 c6 7. Nc3 Nbd7 8. b3 b6 9. Bf4 Ba6 10. Nd2 b5 11. Re1 Qb6 12. c5 Qa5 13. Qc2 e5 14. dxe5 Ng4 15. h3 Ngxe5 16. a3 Ng6 17. b4 Qd8 18. Be3 Bf6 19. Nb3 Nde5 20. Bd4 Nc4 21. e4 dxe4 22. Bxf6 Qxf6 23. Nxe4 Qd8 24. Nd6 Qc7 25. Nxc4 bxc4 26. Nd4 Ne5 27. b5 Rad8 28. Nxc6 Nxc6 29. Bxc6 Bc8 30. Qxc4 Bxh3 31. Bf3 Rd2 32. Rad1 Be6 33. Qb4 Ra2 34. Bd5 Bxd5 35. Rxd5 Rc2 36. b6 Qc6 37. b7 Rb8 38. Rd8+ Rxd8 39. b8Q Qd7 40. Qxd8+ Qxd8 41. Qa4 1-0